| 000 | 02025nam a2200229Ia 4500 | ||
|---|---|---|---|
| 003 | Ost | ||
| 005 | 20260416102402.0 | ||
| 008 | 260416s9999||||xx |||||||||||||| ||und|| | ||
| 040 | _cfsecg | ||
| 041 | _aara | ||
| 082 | _a658 | ||
| 100 |
_aبوطالبي، معمر _eمؤلف |
||
| 245 | 0 |
_aتسيير المؤسسة / _c معمر بوطالبي |
|
| 260 |
_aالجزائر _bجامعة الجزائر3: كلية العلوم الإقتصادية، العلوم التجارية وعلوم التسيير _c2024 |
||
| 300 |
_a122 ورقة _bايضاحات _c12 سم |
||
| 504 | _aالمراجع ص.114 | ||
| 520 | _aتتناول هذه المطبوعة بشكل رئيسي مفاهيم ومبادئ الإدارة الحديثة. تبدأ المطبوعة بتتبع جذور الإدارة وتطورها عبر الزمن، ثم تغوص في جوانب الإدارة الأساسية مثل اتخاذ القرار والتخطيط الاستراتيجي والتنظيم والقيادة. كما تستعرض المطبوعة أهمية الحوافز والمكافآت والرقابة والاتصال في العملية الإدارية. وتخصص فصولاً مستقلة لمناقشة مواضيع حديثة مثل إدارة التغيير والمسئولية الإدارية وإدارة العمليات والذكاء الاستراتيجي والإبداع التنظيمي. وتختتم المطبوعة بتسليط الضوء على وظائف المؤسسة بشكل عام. بشكل عام، تقدم هذه المطبوعة نظرة شاملة وشاملة لمختلف جوانب الإدارة الحديثة، مما يجعلها مرجعًا قيمًا للدارسين والممارسين في هذا المجال. | ||
| 653 | _aالإدارة الحديثة | ||
| 653 | _aتسيير المؤسسة | ||
| 710 |
_aجامعة الجزائر3: كلية العلوم الإقتصادية، العلوم التجارية وعلوم التسيير _eناشر علمي |
||
| 942 | _cHANDOUT | ||
| 999 |
_c41456 _d41456 |
||